00505 2200205 4500001002100000008004100021035002000062245006100082100002300143250000600166260003200172300001100204084001400215082000800229650001400237990001200251990001200263990001200275990001200287INLIS000000000000576 ind  a0010-0424000552 aSistem Bahan Bakar Motor DieselcArif Hidayatullah, S.Pd aHidayatullah, Arif a1 aYogyakarta :bInsaniac2011 a76 hlm a600 Ari s a600 aNon Fiksi a0722332 a0722333 a0722334 a0722335